000 00891cam a22002531a 4500
001 e 24000613
003 DLC
005 20260227111215.0
008 860701s1924 dcua b f000 0 eng c
010 _ae 24000613
035 _a(OCoLC)13806910
040 _aU.S. Off. of Educ. Library
_cABAU
_dABAU
_dDLC
042 _apremarc
050 0 0 _aL111
_b.A6 1924, no. 11
051 _aTT168
_b.R55
100 1 _aRoberts, William E.
_q(William Elmer),
_d1866-
245 1 0 _aManual arts in the junior high school /
_cby William E. Roberts.
260 _aWashington :
_bG.P.O.,
_c1924.
300 _aiv, 89 p. :
_bill., forms, plans ;
_c23 cm.
490 1 _aBulletin / Department of the Interior, Bureau of Education ;
_v1924, no. 11
504 _aBibliography: p. 85-89.
650 0 _aManual training
_zUnited States.
830 0 _aBulletin (United States. Bureau of Education) ;
_v1924, no. 11
999 _c20720
_d20720